01120cam a22003014a 450000100090000000300120000900500170002100800410003801000170007902000260009602000210012204000220014304200080016505000220017308200150019510000220021024501070023225000300033926000310036930000470040050000200044765000280046765000330049570000240052885600980055285600900065085600780074013323844NUST - PNEC20170116180830.0030826s2003 nyua 001 0 eng  a 2003274080 a0471307890 (Hardback) a9812530061 (Pbk) aDLCcLIBRARYdDLC apcc00aQA371b.B773 200300a517.38 BOY1 aBoyce, William E.10aElementary differential equations and boundary value problems /cWilliam E. Boyce, Richard C. DiPrima. aCourse advantage, 7th ed. aNew York :bWiley,cc2003. axvi, 745 p. :bill. (some col.) ;c26 cm.  aIncludes index. 0aDifferential equations. 0aBoundary value problems.xME1 aDiPrima, Richard C.423Contributor biographical informationuhttp://www.loc.gov/catdir/bios/wiley046/2003274080.html423Publisher descriptionuhttp://www.loc.gov/catdir/description/wiley041/2003274080.html413Table of contentsuhttp://www.loc.gov/catdir/toc/wiley032/2003274080.html